|
|
|
|
| LEADER |
00000nab a2200000 a 4500 |
| 001 |
vtls000803900 |
| 003 |
SK-MaSNL |
| 005 |
20260303201533.0 |
| 008 |
140423c2002 xo 0 slo |
| 015 |
|
|
|a SNBRB2002/08-25697
|
| 035 |
|
|
|a CLN000155555
|
| 040 |
|
|
|a SNKBUCL
|b slo
|c SNKBUCL
|e AACR2
|
| 041 |
0 |
|
|a slo
|
| 044 |
|
|
|a xo
|c SK
|
| 080 |
|
|
|a 808.54(497.11)(048)
|2 1997
|
| 080 |
|
|
|a 800.6:808.54(497.11)(048)
|2 1997
|
| 100 |
1 |
|
|a Pisárčiková, Mária,
|d 1937-
|4 aut
|9 90042
|
| 245 |
1 |
0 |
|a Život slovenčiny vo Vojvodine
|c Mária Pisárčiková
|
| 650 |
0 |
7 |
|a slovenčina
|2 snkbucl
|9 1350
|
| 650 |
0 |
7 |
|a Slováci
|z Srbsko
|z Vojvodina (Srbsko)
|x kultúra jazyková
|x monografie
|x recenzie
|2 snkbucl
|9 1232429
|
| 650 |
0 |
7 |
|a kultúra jazyková
|x Slováci
|z Vojvodina (Srbsko)
|x monografie
|x recenzie
|2 snkbucl
|9 1232430
|
| 655 |
|
7 |
|a články z novín a časopisov
|2 snkbucl
|9 267496
|
| 773 |
0 |
|
|t Literárny týždenník
|g Roč. 15, č. 16 (2002), s. 10
|x 0862-5999
|
| 787 |
0 |
8 |
|i Rec.:
|a Myjavcová, Mária
|t Slovenčina v jazykovej enkláve
|d Báčsky Petrovec : Kultúra ; Nadlak : Vydavateľstvo Ivan Krasko, 2001
|
| 850 |
|
|
|a Slovenská národná knižnica v Martine
|
| 852 |
|
|
|a SNK
|b KIS3GCP
|
| 958 |
|
|
|a RC
|
| 958 |
|
|
|a RO
|
| 958 |
|
|
|a YU
|
| 958 |
|
|
|a SK
|
| 992 |
|
|
|a RBX
|
| 999 |
|
|
|c 2174713
|d 2176643
|